Statystyki dla Ubrania na literę O

Kliknij tutaj aby rozwiązać quiz!

Ogólne statystyki

  • Ten quiz został rozwiązany 44 razy
  • Średni wynik to 3 z 10

Statystyki odpowiedzi

Ubranie% Poprawnych
okulary
92%
opaska
69%
obuwie
33%
obrączka
28%
obcasy
25%
ortalion
22%
ochraniacz
19%
ogrodniczki
14%
oficerki
6%
oksfordy
3%

Rozkład punktacji

Percentyl według liczby udzielonych odpowiedzi

Procent ludzi z każdym wynikiem

Twoja historia wyników

Nie rozwiązałeś tego quizu